Every 100,000+ city in USA: Oregon - Statistics

General Stats
  • This quiz has been taken 48 times
  • The average score is 6 of 8
Answer Stats
Letter Population City % Correct
P 2,198,845 Portland
100%
E 280,596 Eugene
97%
S 307,092 Salem
97%
B 111,060 Bend
76%
B 259,186 Beaverton
59%
G 110,467 Gresham
59%
H 205,015 Hillsboro
50%
M 154,519 Medford
41%
No matching quizzes found
Score Distribution
Percent of People with Each Score
Percentile by Number Answered
Your Score History
You have not taken this quiz